Statistiques concernant Culture Générale - Série 1114

Cliquez ici pour prendre le quiz!

Statistiques générales

  • Ce quiz a été pris 76 fois
  • Le résultat moyen est 5 sur 10

Statistiques - réponses

QuestionRéponse% Correct
Dans le langage scout, une B.A. est une bonne...action
96%
Dans quel pays se trouve la ville de Suez, sur la mer Rouge ?Égypte
89%
Quel grand oiseau planeur des océans donne son nom au titre d'un poème de Charles Baudelaire ?albatros
79%
Selon une chanson de Jacques Dutronc, sortie en 1967, qu'est-ce que celui-ci a mis dans son slip et dans son lit ?cactus
53%
Quelle ville d'Amérique du Sud était le point de départ du rallye Dakar 2010 ?Buenos Aires
50%
A quel auteur surréaliste, prénommé André, doit-on l'essai intitulé “Anthologie de l'humour noir” en 1940 ?André Breton
47%
De quel roman d'Alain-Fournier François Seurel est-il le narrateur ?Le Grand Meaulnes
47%
Complétez cet extrait de la pièce "Le Cid" de Corneille : "Aux âmes bien nées, la valeur n’attend point...le nombre des années
43%
Dans le sigle Y.M.C.A, devenu en 1978 le titre d'une chanson des Village People, que signifie la lettre A ?Association
14%
Dans quelle ville française est né l'artiste peintre Yves Klein, en 1928 ?Nice
14%

Distribution des résultats

Percentile par nombre de réponses

% des personnes avec chaque résultat

Votre développement - résultats

Vous n’avez pas pris ce quiz